000 00651nam a22001817a 4500
020 _a9780070151437
082 _a621.3815 NAH
100 _aNahvi, Mahmood.
245 _aSchaum’s outlines electric circuits
250 _a5th ed.
260 _aNew Delhi, India
_bMcGraw Hill
_c2003
300 _axi, Various p.
_bill. ;
490 _aSchaum’s outline series
500 _aEdminister’s name appears first on the earlier ed. Previous ed. published: Schaum’s outline of theory and problems of electric circuits. New York : McGraw-Hill, c2003. Includes index.
650 _aElectric circuits.
700 _aEdminister, Joseph.
942 _cBK
999 _c12583
_d12583